Brasil, 2003. ¿Los inicios de un nuevo ciclo histórico? /

Đã lưu trong:
Chi tiết về thư mục
Tác giả chính: Boron, Atilio A.
Định dạng: Texto
Những chủ đề:
Các nhãn: Thêm thẻ
Không có thẻ, Là người đầu tiên thẻ bản ghi này!

MARC

LEADER 00000 a a2200000 04500
001 10989
003
040
100 |a Boron, Atilio A.  
245 |a Brasil, 2003. ¿Los inicios de un nuevo ciclo histórico? /  |c Atilio A. Boron 
650 |a LIBERALISMO  
650 |a RECESION ECONOMICA  
650 |a GOBIERNO  
650 |a DESARROLLO SOCIAL  
773 |g volumen 3, número 9; páginas 37-42  
999 |c 35731  |d 35731